| 000 | 00797nam a2200217Ia 4500 | ||
|---|---|---|---|
| 003 | GCL | ||
| 005 | 20240530102420.0 | ||
| 008 | 140319s9999 xx 000 0 ara d | ||
| 040 |
_aGCL / _cGCL |
||
| 082 | 0 | 4 |
_a953.0713 _bح ت |
| 100 | 1 | _aحمدى عبدالمنعم محمد حسين | |
| 245 | 1 | 0 |
_aتاريخ المغرب والاندلس فى عصر المرابطين: _cحمدى عبدالمنعم محمد حسين _bدولة على بن يوسف المرابطى / |
| 260 |
_aالاسكندرية : _bمؤسسة شباب الجامعة ، _c1986 |
||
| 300 |
_a447 ص ؛ _c24 سم |
||
| 650 | 0 | 4 | _aالاندلس |
| 650 | 0 | 4 | _aالمغرب |
| 650 | 0 | 4 | _aالتاريخ الاسلامى |
| 650 | 0 | 4 | _aالتاريخ |
| 650 | 0 | 4 | _aالحضارة الاسلامية |
| 942 |
_2ddc _cBK |
||
| 999 |
_c32082 _d32082 |
||